| 000 | 00445nam a2200157Ia 4500 | ||
|---|---|---|---|
| 008 | 220216s9999 xx 000 0 und d | ||
| 100 | _aPotty S.N. | ||
| 245 | 0 | _aComparison of different planting techniques of Hevea in Tripura | |
| 260 |
_bIndian Journal of Natural Rubber Research _c1991 |
||
| 300 | _a46-50 | ||
| 650 | _aPlanting technique | ||
| 650 | _aTripura | ||
| 700 | _aKrishnakumar A.K. | ||
| 700 | _aMeenattoor J.R. | ||
| 942 | _cBS | ||
| 999 |
_c48551 _d48551 |
||